000 00275nam a2200109Ia 4500
008 220204s9999 xx 000 0 und d
020 _aISSN:05425778
082 _a0582007
_bMAN
245 0 _aManorama yearbook 2007
260 _aKottayam
_bMalayala Manorama
_c2007
942 _cBK
999 _c42686
_d42686